<?xml version="1.0" encoding="UTF-8"?>
<marc:record xmlns:marc="http://www.loc.gov/MARC21/slim">
   <marc:leader>00000nam a2200000 a 4500</marc:leader>
   <marc:datafield ind1="1" ind2=" " tag="100">
      <marc:subfield code="a">Robbie, Margot</marc:subfield>
   </marc:datafield>
   <marc:datafield ind1="1" ind2=" " tag="100">
      <marc:subfield code="a">Kidman, Nicole</marc:subfield>
   </marc:datafield>
   <marc:datafield ind1="1" ind2=" " tag="100">
      <marc:subfield code="a">Theron, Charlize</marc:subfield>
   </marc:datafield>
   <marc:datafield ind1="0" ind2="0" tag="245">
      <marc:subfield code="a">Bombshell</marc:subfield>
   </marc:datafield>
   <marc:datafield ind1="0" ind2="0" tag="245">
      <marc:subfield code="b">das Ende des Schweigens</marc:subfield>
   </marc:datafield>
   <marc:datafield ind1=" " ind2="1" tag="264">
      <marc:subfield code="b">EuroVideo</marc:subfield>
      <marc:subfield code="c">2020</marc:subfield>
   </marc:datafield>
   <marc:datafield ind1="1" ind2=" " tag="520">
      <marc:subfield code="a">Die Journalistinnen Megyn Kelly, Gretchen Carlson und Kayla Pospisil gehen gegen ihren misogynen Senderchef Roger Ailes und das toxische Arbeitsklima beim konservativen US-Sender Fox News vor, nachdem sich die blonde Vorzeige-Journalistin Kelly in einer Sendung live mit dem Präsidentschaftsbewerber Donald Trump anlegt. Carlson, die nicht mehr nach den Regeln des Senders spielen will und wegen angeblich enttäuschender Quoten aufs Abstellgleis geschoben wird, verklagt Ailes wegen sexueller Belästigung.</marc:subfield>
   </marc:datafield>
   <marc:datafield ind1=" " ind2=" " tag="020">
      <marc:subfield code="a">4009750201244</marc:subfield>
      <marc:subfield code="9">4009750201244</marc:subfield>
   </marc:datafield>
   <marc:datafield ind1="0" ind2=" " tag="490">
      <marc:subfield code="v">0</marc:subfield>
   </marc:datafield>
   <marc:datafield ind1=" " ind2=" " tag="300">
      <marc:subfield code="a">105 Min.</marc:subfield>
   </marc:datafield>
</marc:record>
